000 00762nam a2200277 a 4500
003 AR-BaBNM
005 20251128205720.0
008 082120s2002 ||||||||||||||000 | spa||
020 _a950-99711-2-X
040 _cAR-BaBNM
100 1 _aLeumann, Carlos Alberto
245 0 0 _aLos gauchos de a pie
260 _aBuenos Aires
_bSecretaría de Cultura de la Nación
_bEdiciones Theoría
_c1994
300 _a126 p.
_bil.
490 0 _aIdentidad nacional
_vv. 64
650 4 _aNOVELAS
650 4 _aLITERATURA ARGENTINA
650 4 _aLITERATURA CONTEMPORANEA
653 _aLITERATURA GAUCHESCA
653 _aNARRATIVA
653 _aCOSTUMBRISMO
655 _aLITERATURA
700 1 _aRequeni, Antonio
_eprologuista
942 _cBK
998 _cMARTIN
999 _c12527
_d12527